The Paleozoic fishes of America

Αποθηκεύτηκε σε:
Λεπτομέρειες βιβλιογραφικής εγγραφής
Κύριος συγγραφέας: Newberry, John Strong (Συγγραφέας)
Συγγραφή απο Οργανισμό/Αρχή: House of representatives (Συγγραφέας)
Μορφή: Βιβλίο
Γλώσσα:Αγγλικά
Έκδοση: Washington, D.C Government Printing Office 1890
Έκδοση:1a. ed
Σειρά:Monographs of the Unitedd States Geological Survey, XVI
Θέματα:
Ετικέτες: Προσθήκη ετικέτας
Δεν υπάρχουν, Καταχωρήστε ετικέτα πρώτοι!

MARC

LEADER 00000nam a2200000 a 4500
001 UCJ8425
003 CL-VaPUC
008 070124e18900000US |||||||||||||||||eng|d
082 0 4 |a 560  |b NEW  |2 21 
100 0 |a Newberry, John Strong  |e author  |9 517182 
110 2 |a House of representatives  |e author  |9 517183 
245 1 4 |a The Paleozoic fishes of America 
250 |a 1a. ed 
300 |a 33 9 p 
942 |c BK 
945 |d 20070124 00:00:00  |a rinostro 
260 |a Washington, D.C  |b Government Printing Office  |c 1890 
650 7 |a PALENTOLOGIA  |2 CL-VaPUC  |9 508106 
650 0 |a Ilustraciones  |9 369481 
651 7 |a ESTADOS UNIDOS DE NORTEAMERICA  |2 CL-VaPUC  |9 316036 
583 |a last modification  |c 20070124 00:00:00  |k Rodrigo Vera 
490 0 |a Monographs of the Unitedd States Geological Survey, XVI 
999 |c 324147  |d 324145 
952 |0 0  |1 0  |4 0  |6 560_000000000000000_NEW_1890  |7 0  |8 X  |9 404084  |a FDOBUD  |b FDOBUD  |d 2019-11-22  |i 1077767  |o 560 NEW 1890  |p 1077767  |r 2019-11-22  |w 2019-11-22  |y BK_X  |k BUD